Network-based language teaching: concepts and practice

Bewaard in:
Bibliografische gegevens
Hoofdauteurs: Warschauer, Mark (Auteur), Kern, Richard (Auteur)
Formaat: Boek
Taal:Engels
Gepubliceerd in: Cambridge Cambridge University 2000
Editie:1a. ed
Reeks:The Cambridge Applied Linguistics Series
Onderwerpen:
Tags: Voeg label toe
Geen labels, Wees de eerste die dit record labelt!

MARC

LEADER 00000cam a2200000 a 4500
001 UCL8037
003 CL-VaPUC
008 040611e20000000uk |||||||||||||||||eng|d
020 |a 0521667429 
082 0 4 |a 418.00285  |b WAR  |2 21 
100 0 |a Warschauer, Mark  |e author  |9 485967 
700 0 |a Kern, Richard  |e author  |9 485968 
245 1 0 |a Network-based language teaching: concepts and practice 
250 |a 1a. ed 
300 |a 240 p 
942 |c BK 
945 |d 20040611 00:00:00  |a cmena 
260 |a Cambridge  |b Cambridge University  |c 2000 
650 7 |a COMUNICACION POR COMPUTADOR  |2 CL-VaPUC  |9 375413 
650 0 |a Educación lingüística  |9 306506 
650 0 |a Métodos de enseñanza  |9 270413 
650 0 |a Adquisición del lenguaje   |9 309032 
583 |a last modification  |c 20151026 10:17:27  |k Rodrigo Vera 
490 0 |a The Cambridge Applied Linguistics Series 
999 |c 309523  |d 309521 
952 |0 0  |1 0  |4 0  |6 418_002850000000000_WAR_2000  |7 0  |8 A  |9 377024  |a FDOPOS  |b FDOPOS  |d 2019-11-21  |i 4005481  |o 418.00285 WAR 2000  |p 4005481  |r 2025-01-22  |w 2019-11-21  |y BK  |k MLA 
952 |0 0  |1 0  |3 erb  |4 0  |6 418_002850000000000_WAR_2000  |7 0  |8 A  |9 377025  |a BIBEDU  |b BIBEDU  |c ES_NOD  |i 5245141  |o 418.00285 WAR 2000  |p 5245141  |r 2023-08-09  |w 2019-11-21  |y BK  |z Catalogado en:20151106  |k LIT 
952 |0 0  |1 0  |3 erb  |4 0  |6 418_002850000000000_WAR_2000  |7 0  |8 A  |9 377026  |a BIBEDU  |b BIBEDU  |c ES_NOD  |i 5246962  |o 418.00285 WAR 2000  |p 5246962  |r 2023-08-09  |w 2019-11-21  |y BK  |z Catalogado en:20151106  |k LIT